[Event "World School-ch U17 11th"]
[Site "Pattaya"]
[Date "2015.05.13"]
[Round "8"]
[White "Ovchinnikov, Vsevolod"]
[Black "Dovletov, Hajugurban"]
[Result "1-0"]
[WhiteElo "2248"]
[BlackElo "2137"]
[PlyCount "51"]
[EventDate "2015.05.07"]
[EventType "swiss"]
[EventRounds "9"]
[EventCountry "THA"]
[SourceTitle "CBM 166 Extra"]
[Source "ChessBase"]
[SourceDate "2015.06.18"]
[SourceVersion "1"]
[SourceVersionDate "2015.06.18"]
[SourceQuality "1"]

1. d4 Nf6 2. c4 c5 3. d5 b5 4. cxb5 a6 5. bxa6 Bxa6 6. Nc3 g6 7. Nf3 d6 8. e4 Bxf1 9. Kxf1 Bg7 10. g3 0-0 11. Kg2 Nbd7 12. Qc2 Qb6 13. a4 Qb4 14. Ra3 Rfb8 15. Nd2 Ne5 16. Rb3 Qd4 17. Ne2 Rxb3 18. Nxd4 Rb4 19. Nc6 Nxc6 20. dxc6 Rbxa4 21. e5 Nd5 22. exd6 exd6 23. Ne4 Nb4 24. Qxa4 Rxa4 25. c7 Ra8 26. Nxd6 1-0

[Event "Moscow op-A"]
[Site "Moscow"]
[Date "2015.02.07"]
[Round "8"]
[White "Askerov, Marat"]
[Black "Dovletov, Hajugurban"]
[Result "0-1"]
[WhiteElo "2283"]
[BlackElo "2097"]
[PlyCount "72"]
[EventDate "2015.01.31"]
[EventType "swiss"]
[EventRounds "9"]
[EventCountry "RUS"]
[SourceTitle "CBM 164 Extra"]
[Source "ChessBase"]
[SourceDate "2015.03.02"]
[SourceVersion "1"]
[SourceVersionDate "2015.03.02"]
[SourceQuality "1"]

1. d4 Nf6 2. c4 g6 3. Nf3 Bg7 4. g3 0-0 5. Bg2 c6 6. 0-0 d5 7. Qc2 dxc4 8. Qxc4 Be6 9. Qc2 Na6 10. e4 Nb4 11. Qa4 a5 12. a3 Nd3 13. Nc3 Nxc1 14. Raxc1 Bh6 15. Rcd1 b5 16. Qc2 Bc4 17. Rfe1 a4 18. Nxa4 Rxa4 19. b3 Bxb3 20. Qxb3 Qa5 21. Ra1 Nd7 22. Bh3 e6 23. Kg2 Bg7 24. Bxe6 fxe6 25. Qxe6+ Kh8 26. Qxd7 Qc3 27. Qg4 h5 28. Qxg6 Qxf3+ 29. Kh3 Rxd4 30. Rac1 Rf6 31. Qe8+ Kh7 32. Rc5 Qg4+ 33. Kg2 Rxf2+ 34. Kg1 Rg2+ 35. Kxg2 Rd2+ 36. Kg1 Bd4+ 0-1